01018nam a2200265Ia 450000500170000000800410001702000300005804100080008808200190009610000330011524501440014825000180029230000250031049000180033550000640035353400560041765000460047365000400051970000450055926400250060433600270062933700330065633800280068904000350071720220317001848.0170410s2008 s g 000 0 s  a9788481649024 (rústica) aspa04a150.1954bJ85a1 aJung, Carl Gustavd1875-196110aAcerca de la psicología de la religión occidental y de la religión orientalcC.G. Jung ; traducción de Rafael Fernández de Maruri a1a. edición a692 páginasc23 cm aObra completa aIncluye bibliografía, índice onomástico y de materias tZur psychologie westlicher und östlicher religion142LEMBaReligiónvAspectos psicológicos142LEMBaPsicología de la religión1 aFernández de Maruri, Rafaeletraductor aMadridbTrottac2008 atextobtxt2rdacontent asin mediaciónbn2rdamedia avolumenbnc2rdacarrier aCO-BoRNBPbspaerdacCO-BoRNBP